000 004120000a22001690004500
003 MACL
005 20151229164518.0
008 151229b xxu||||| |||| 00| 0 eng d
040 _aMACL
_cMACL
041 _aEnglish
082 _a199/NIK
100 _aSwami Nikhilananda
_923795
245 _aSelf Knowledge
260 _bSri Ramakrishna Math
_c1947
650 _aPhilosophy
_924295
942 _cBK
_k199/NIK
_2ddc
999 _c38627
_d38627